000 00591nam a22002057a 4500
005 20260506111519.0
008 260506b |||||||| |||| 00| 0 eng d
020 _a9781841131993
_qhbk
041 _aeng
082 _a341.2422 BUR
100 _aBurca, de Grainne
245 _aThe EU and the WTO:
_bLegal and Constitutional Issues
_c/edited by Grainne de Burca;
250 _aDe Burca & Scott (Eds)
260 _aNorth America
_bHart Publishing
_c2001
300 _ax, 332p. :
_c24cm.
504 _aindex
650 _aLaw of nations
700 _aScott, Joanne
942 _cENGLISH
999 _c622607
_d622607